000 00832nam a22002177a 4500
003 PILC
005 20170426152014.0
008 140130b xxu||||| |||| 00| 0 eng d
020 _a9780553582024
050 _aPS 3563 .P363
_b.Sp26Aw 1999
100 _aGeorge R.R Martin
245 _aA feast for crows
_cGeorge R.R Martin
260 _aNew York :
_bBantam Books,
_c1999
300 _a1112 p. :
_bill. ;
_c18 cm.
440 _abook four of a song of ice and fire
520 _aThe uneasy peace that exists following the death of Robb Stark is threatened by new plots, intrigues, and alliances that once again will plunge the Seven Kingdoms back into all-out war for control of the Iron Throne.
650 _aSeven Kingdoms (Imaginary place) -- Fiction.
650 _aFantasy fiction.
942 _2lcc
_cBK
999 _c35192
_d35192